000 00646nam a2200193 a 4500
001 000026416
005 20200930030218.0
008 110317s2004 dr a 000 0 spa d
020 _a9993499250
040 _aDO-SdBNP
_bspa
_cBNPHU
082 _axxx
_bM671p
100 1 _aMirabal, Yoselman R.,
_d1969-
_91777
245 1 0 _aPresiones ministeriales :
_bla cruda realidad de ser un líder /
_cYoselman R. Mirabal.
260 _aSanto Domingo :
_bMirabal Produciones,
_c[s.f.].
300 _a129 p. :
_bil. ;
_c22 cm.
500 _aIncluye datos biográficos del autor en la solapa de la cubierta
504 _aBibliografías p. 129
049 _aBNPD
999 _c25908
_d25908